Historia general del Perú / (Record no. 21120)

000 -CABECERA
fixed length control field 01032nam a22002057a 4500
003 - IDENTIFICADOR DEL NÚMERO DE CONTROL
control field AR-CdUCM
008 - DATOS DE LONGITUD FIJA--INFORMACIÓN GENERAL
fixed length control field 190315b ||||| |||| 00| 0 spa d
040 ## - FUENTE DE LA CATALOGACIÓN
Agencia/entidad que catalogó originalmente la obra MUNICIPALIDAD PROVINCIAL DEL CUSCO
Entidad que transcribió la catalogación BIBLIOTECA MUNICIPAL DEL CUSCO
082 ## - NÚMERO DE LA CLASIFICACIÓN DECIMAL DEWEY
No. de Clasificación 985.008 /
Notacion interna V32
100 ## - ENTRADA PRINCIPAL--NOMBRE DE PERSONA
Nombre Personal Vargas Ugarte, Ruben
245 ## - MENCIÓN DE TÍTULO
Título Historia general del Perú /
260 ## - PUBLICACIÓN, DISTRIBUCIÓN, ETC.
Lugar de publicación, distribución, etc. Lima :
Nombre de la editorial, distribuidor, etc. Carlos Milla Batres,
Fecha de publicación, distribución, etc. 1966.
300 ## - DESCRIPCIÓN FÍSICA
Nº de Páginas Extensión 10 tomos ;
Otros detalles físicos Ilustraciones,
Dimensiones 24.5 cm.
440 ## - MENCIÓN DE SERIE/PUNTO DE ACCESO ADICIONAL--TÍTULO
Título Colección: Historia del Perú
9 (RLIN) 18168
505 ## - NOTA DE CONTENIDO CON FORMATO
Nota de contenido formateada Contenido: t.1 : El descubrimiento y la conquista (1524 - 1550) -- t.2 -- Virreinato (1551 - 1596) -- t.3 -- Virreinato (1596 - 1689) -- t.4 -- Virreinato (1689 - 1776) -- t.5 -- Postrimerias del poder Español (1776 - 1815) -- t.6 -- Emancipación (1816 - 1825) -- t.7 -- La república (1825 - 1833) -- t.8 -- La república (1833 - 1843) -- t.9 -- La república (1844 - 1879) -- t.10 -- La república (1879 - 1884)
650 ## - PUNTO DE ACCESO ADICIONAL DE MATERIA--TÉRMINO DE MATERIA
Descriptor Historia
9 (RLIN) 44029
650 ## - PUNTO DE ACCESO ADICIONAL DE MATERIA--TÉRMINO DE MATERIA
Descriptor Perú
9 (RLIN) 44030
942 ## - ELEMENTOS DE PUNTO DE ACCESO ADICIONAL (KOHA)
Fuente de clasificación
Tipo de item Libros-BMC
945 ## - PROCESAMIENTO DE INFORMACIÓN LOCAL (OCLC)
Catalogador acv
Holdings
Estado de retiro (separado) Fuente de clasificación o esquema de estanterías Estado dañado Ubicación Sala donde se ubica Nombre de la colección Fecha de adquisición o compra Costo, precio normal en soles Signatura topográfica Código de Barras Última vez visto (Koha) Tipo de ítem (Koha)
No     Sala Humanidades Sala Humanidades Book Cart 2019-10-22 100.00 086.985 / V32 / t.1 SH0000007117 2019-10-22 Libros-BMC
No     Sala Humanidades Sala Humanidades Book Cart 2019-10-22 100.00 086.985 / V32 / t.2 SH0000007118 2019-10-22 Libros-BMC
No     Sala Humanidades Sala Humanidades Book Cart 2019-10-22 100.00 086.985 / V32 / t.3 SH0000007119 2019-10-22 Libros-BMC
No     Sala Humanidades Sala Humanidades Book Cart 2019-10-22 100.00 086.985 / V32 / t.5 SH0000007121 2019-10-22 Libros-BMC
No     Sala Humanidades Sala Humanidades Book Cart 2019-10-22 100.00 086.985 / V32 / t.6 SH0000007122 2019-10-22 Libros-BMC
No     Sala Humanidades Sala Humanidades Book Cart 2019-10-22 100.00 086.985 / V32 / t.4 SH0000007120 2019-10-22 Libros-BMC
No     Sala Humanidades Sala Humanidades Book Cart 2019-10-22 100.00 086.985 / V32 / t.8 SH0000007124 2019-10-22 Libros-BMC
No     Sala Humanidades Sala Humanidades Book Cart 2019-10-22 100.00 086.985 / V32 / t.7 SH0000007123 2019-10-22 Libros-BMC
No     Sala Humanidades Sala Humanidades Book Cart 2019-10-22 100.00 086.985 / V32 / t.9 SH0000007125 2019-10-22 Libros-BMC
No     Sala Humanidades Sala Humanidades Book Cart 2019-10-22 100.00 086.985 / V32 / t.10 SH0000007126 2019-10-22 Libros-BMC

Powered by Koha